[Event "1516VL"]
[Site "Mecklenburg-Vorpommern"]
[Date "2015.10.11"]
[Round "2.2"]
[White "Engel, Gunnar"]
[Black "Stoevesand, Peter"]
[Result "1-0"]
[WhiteElo "2027"]
[BlackElo "1864"]
[PlyCount "83"]
[EventDate "2015.10.11"]
[EventType "team-tourn"]
[EventRounds "9"]
[EventCountry "GER"]
[SourceDate "2015.09.20"]
[WhiteTeam "SSC Rostock 07 II"]
[BlackTeam "SG Neubrandenburg"]
[WhiteTeamCountry "GER"]
[BlackTeamCountry "GER"]

1. Nf3 d5 2. g3 Nf6 3. Bg2 Bf5 4. O-O e6 5. d3 Be7 6. Nbd2 Nbd7 7. Re1 O-O 8.
c3 c5 9. e4 dxe4 10. dxe4 Bg6 11. e5 Nd5 12. a4 Rc8 13. Nc4 b6 14. h4 a6 15.
Bg5 Rb8 16. Bxe7 Qxe7 17. Ng5 b5 18. axb5 axb5 19. Na5 Rbc8 20. Bxd5 exd5 21.
e6 fxe6 22. Rxe6 Qd8 23. Rxg6 hxg6 24. Qxd5+ Kh8 25. Nf7+ Rxf7 26. Qxf7 Ne5 27.
Qe6 Qe8 28. Qxe8+ Rxe8 29. Nb7 Nd3 30. Nd6 Rf8 31. f4 b4 32. Nc4 Rb8 33. Kf1
bxc3 34. bxc3 Rb3 35. Nd6 g5 36. hxg5 Rxc3 37. Ra2 Rc1+ 38. Ke2 c4 39. g6 Re1+
40. Kf3 Rf1+ 41. Kg2 Rf2+ 42. Rxf2 1-0

[Event "1516VL"]
[Site "Mecklenburg-Vorpommern"]
[Date "2015.10.11"]
[Round "2.3"]
[White "Kunow, Frank"]
[Black "Pererva, Viktor"]
[Result "1/2-1/2"]
[WhiteElo "1860"]
[BlackElo "2007"]
[PlyCount "65"]
[EventDate "2015.10.11"]
[EventType "team-tourn"]
[EventRounds "9"]
[EventCountry "GER"]
[SourceDate "2015.09.20"]
[WhiteTeam "SG Neubrandenburg"]
[BlackTeam "SSC Rostock 07 II"]
[WhiteTeamCountry "GER"]
[BlackTeamCountry "GER"]

1. Nf3 d5 2. c4 c6 3. g3 Nf6 4. Bg2 Nbd7 5. cxd5 cxd5 6. Qa4 e6 7. Nc3 Be7 8.
d3 O-O 9. O-O a6 10. b4 b5 11. Qb3 Nb6 12. Be3 Nfd7 13. Nd4 Bb7 14. a4 Nxa4 15.
Nxa4 bxa4 16. Qxa4 Nb6 17. Qa5 Nc8 18. b5 Bf6 19. bxa6 Qxa5 20. Rxa5 Rxa6 21.
Rxa6 Bxa6 22. Ra1 Bb7 23. Rb1 Ba8 24. Nb5 Ne7 25. Bc5 g6 26. d4 Rb8 27. e3 Bc6
28. Bf1 Nc8 29. Ra1 Bxb5 30. Bxb5 Rxb5 31. Ra8 g5 32. Rxc8+ Kg7 33. g4 1/2-1/2

[Event "1516VL"]
[Site "Mecklenburg-Vorpommern"]
[Date "2015.10.11"]
[Round "2.4"]
[White "Mangold, Thomas"]
[Black "Witkowski, Rainer"]
[Result "1-0"]
[WhiteElo "1937"]
[BlackElo "1835"]
[PlyCount "47"]
[EventDate "2015.10.11"]
[EventType "team-tourn"]
[EventRounds "9"]
[EventCountry "GER"]
[SourceDate "2015.09.20"]
[WhiteTeam "SSC Rostock 07 II"]
[BlackTeam "SG Neubrandenburg"]
[WhiteTeamCountry "GER"]
[BlackTeamCountry "GER"]

1. d4 e6 2. c4 f5 3. Nc3 Nf6 4. g3 d5 5. Bg2 c6 6. Nh3 Bd6 7. O-O O-O 8. Bf4
Bxf4 9. Nxf4 Qe7 10. Qc2 Nbd7 11. cxd5 Nxd5 12. Nd3 Nb4 13. Nxb4 Qxb4 14. Rad1
Nf6 15. a3 Qe7 16. e4 fxe4 17. Nxe4 Nd5 18. Qc5 Qc7 19. Rfe1 Bd7 20. Ng5 Rf5
21. Qc1 Re8 22. Be4 Rff8 23. Bxh7+ Kh8 24. Re5 1-0

[Event "1516VL"]
[Site "Mecklenburg-Vorpommern"]
[Date "2015.10.11"]
[Round "2.5"]
[White "Baier, Karsten"]
[Black "Brack, Peter"]
[Result "0-1"]
[WhiteElo "1850"]
[BlackElo "1941"]
[PlyCount "90"]
[EventDate "2015.10.11"]
[EventType "team-tourn"]
[EventRounds "9"]
[EventCountry "GER"]
[SourceDate "2015.09.20"]
[WhiteTeam "SG Neubrandenburg"]
[BlackTeam "SSC Rostock 07 II"]
[WhiteTeamCountry "GER"]
[BlackTeamCountry "GER"]

1. d4 Nf6 2. c4 e6 3. Nc3 d5 4. Bg5 c6 5. e3 Nbd7 6. Nf3 Qa5 7. Qa4 Qxa4 8.
Nxa4 Ne4 9. c5 Nxg5 10. Nxg5 e5 11. Be2 b6 12. cxb6 axb6 13. Nc3 exd4 14. exd4
Be7 15. Nf3 O-O 16. O-O Re8 17. Rfe1 Bb7 18. a3 Bd6 19. Bf1 Nf8 20. Re2 Rxe2
21. Bxe2 Ne6 22. Rd1 Re8 23. Bd3 g6 24. Re1 Kf8 25. Ne2 Re7 26. Kf1 f6 27. h4
Bc8 28. Rc1 Bd7 29. Ba6 Nd8 30. Bd3 Bg4 31. Nd2 Kg7 32. Nb3 Bc8 33. Nc3 Bb7 34.
Ne2 Ne6 35. g3 c5 36. dxc5 Nxc5 37. Nxc5 bxc5 38. Bb5 Rc7 39. Ke1 g5 40. Kd2
Be5 41. b3 Bb2 42. Rc2 Bxa3 43. Nd4 Bc8 44. Nc6 Bd7 45. Ra2 Bxc6 0-1

[Event "1516VL"]
[Site "Mecklenburg-Vorpommern"]
[Date "2015.10.11"]
[Round "2.6"]
[White "Celmer, Ole"]
[Black "Winkler, Karl"]
[Result "0-1"]
[WhiteElo "1893"]
[BlackElo "1863"]
[PlyCount "90"]
[EventDate "2015.10.11"]
[EventType "team-tourn"]
[EventRounds "9"]
[EventCountry "GER"]
[SourceDate "2015.09.20"]
[WhiteTeam "SSC Rostock 07 II"]
[BlackTeam "SG Neubrandenburg"]
[WhiteTeamCountry "GER"]
[BlackTeamCountry "GER"]

1. e4 Nf6 2. e5 Nd5 3. d4 d6 4. Nf3 Nc6 5. Be2 dxe5 6. dxe5 e6 7. O-O Be7 8. c3
O-O 9. Qc2 g6 10. Rd1 Bd7 11. Nbd2 f5 12. exf6 Bxf6 13. Ne4 Ne5 14. Nxf6+ Qxf6
15. Qe4 Nxf3+ 16. Bxf3 Bc6 17. Qg4 Nb6 18. Be3 Bxf3 19. gxf3 Qf5 20. Qg3 Rf7
21. f4 Nd5 22. Rd4 c5 23. Rd2 Nxf4 24. Bxf4 Qxf4 25. Qxf4 Rxf4 26. Re1 Re8 27.
Rd6 Kf7 28. Kg2 Rf5 29. Kg3 Rd5 30. Rd1 Rxd6 31. Rxd6 Ke7 32. Rd2 Rf8 33. f4
Rf5 34. c4 e5 35. fxe5 Rxe5 36. b3 a5 37. h4 Re4 38. Rf2 a4 39. Rf3 a3 40. Rf2
Re1 41. Kf4 Rb1 42. Re2+ Kd6 43. Rd2+ Kc7 44. Ke5 Rb2 45. Rd1 Rxa2 0-1

[Event "1516VL"]
[Site "Mecklenburg-Vorpommern"]
[Date "2015.10.11"]
[Round "2.7"]
[White "Zibell, Walter"]
[Black "Schumann, Rabea"]
[Result "0-1"]
[WhiteElo "1760"]
[BlackElo "1674"]
[PlyCount "76"]
[EventDate "2015.10.11"]
[EventType "team-tourn"]
[EventRounds "9"]
[EventCountry "GER"]
[SourceDate "2015.09.20"]
[WhiteTeam "SG Neubrandenburg"]
[BlackTeam "SSC Rostock 07 II"]
[WhiteTeamCountry "GER"]
[BlackTeamCountry "GER"]

1. d4 d5 2. c4 e6 3. Nf3 Be7 4. Nc3 Nf6 5. Bg5 h6 6. Bh4 O-O 7. e3 Ne4 8. Bg3
Nxg3 9. hxg3 c6 10. Bd3 dxc4 11. Bxc4 Nd7 12. Kf1 Nf6 13. Ne5 Bd6 14. Nd3 Qe7
15. Qc2 b6 16. e4 e5 17. dxe5 Bxe5 18. Nxe5 Qxe5 19. Re1 Be6 20. Be2 Rfd8 21.
Rh4 Rd7 22. Kg1 Rad8 23. f4 Qc5+ 24. Kh1 Qf2 25. Rf1 Qxg3 26. Rh2 Ng4 27. Bxg4
Bxg4 28. e5 Rd2 29. Qc1 Qd3 30. Qe1 Rxb2 31. g3 Rxh2+ 32. Kxh2 Qc2+ 33. Rf2 Qd3
34. Ne4 Qc4 35. Nd6 Qd4 36. f5 Qd1 37. Qe3 Qb1 38. Qf4 Qd1 0-1

[Event "1516VL"]
[Site "Mecklenburg-Vorpommern"]
[Date "2015.10.11"]
[Round "2.8"]
[White "Schamber, Dennis"]
[Black "Hoerhold, Martin"]
[Result "1/2-1/2"]
[WhiteElo "1695"]
[BlackElo "1663"]
[PlyCount "97"]
[EventDate "2015.10.11"]
[EventType "team-tourn"]
[EventRounds "9"]
[EventCountry "GER"]
[SourceDate "2015.09.20"]
[WhiteTeam "SSC Rostock 07 II"]
[BlackTeam "SG Neubrandenburg"]
[WhiteTeamCountry "GER"]
[BlackTeamCountry "GER"]

1. d4 Nf6 2. c4 g6 3. Nc3 Bg7 4. e4 d6 5. f3 O-O 6. Be3 Nc6 7. Qd2 a6 8. g4 e5
9. d5 Nd4 10. Nce2 c5 11. dxc6 Nxc6 12. h4 Qa5 13. Nc3 Rd8 14. h5 Rb8 15. hxg6
fxg6 16. g5 Nh5 17. Nge2 Be6 18. Kf2 b5 19. cxb5 axb5 20. Ng3 Nf4 21. Bxf4 exf4
22. Nge2 Qb6+ 23. Kg2 Qe3 24. Rd1 Ne5 25. Qxe3 fxe3 26. Nd4 Bc4 27. f4 b4 28.
fxe5 Bxf1+ 29. Rdxf1 bxc3 30. bxc3 dxe5 31. Nb3 Ra8 32. Ra1 Rdc8 33. Rhc1 Rc4
34. Kf3 Raa4 35. Kxe3 Rxe4+ 36. Kd3 Rg4 37. Nc5 Rg3+ 38. Kd2 Rg2+ 39. Kd3 Raxa2
40. Rxa2 Rxa2 41. Ne6 Ra3 42. Ke4 Kf7 43. Nxg7 Kxg7 44. Kxe5 Kf7 45. c4 Ke7 46.
Rh1 Ra5+ 47. Kf4 Rc5 48. Rxh7+ Ke6 49. Ra7 1/2-1/2

[Event "1516VL"]
[Site "Mecklenburg-Vorpommern"]
[Date "2015.10.11"]
[Round "2.1"]
[White "Mehl, Ronald"]
[Black "Ispirjan, Mikael"]
[Result "0-1"]
[WhiteElo "2090"]
[BlackElo "1992"]
[PlyCount "132"]
[EventDate "2015.10.11"]
[EventType "team-tourn"]
[EventRounds "9"]
[EventCountry "GER"]
[SourceDate "2015.09.20"]
[WhiteTeam "FHSG Stralsund"]
[BlackTeam "SAV Torgelow"]
[WhiteTeamCountry "GER"]
[BlackTeamCountry "GER"]

1. Nf3 Nf6 2. c4 c5 3. Nc3 e6 4. d4 a6 5. d5 exd5 6. Nxd5 d6 7. Nxf6+ Qxf6 8.
Qb3 Be7 9. g3 O-O 10. Bg2 Nc6 11. O-O Qe6 12. Bd2 Rb8 13. Qd3 Rd8 14. Ng5 Bxg5
15. Bxg5 Re8 16. Bf4 Ne5 17. Bxe5 Qxe5 18. Rfd1 Re6 19. e4 Rh6 20. Qe2 b5 21.
f4 Qe7 22. Rd2 bxc4 23. Rad1 Bb7 24. Qxc4 Rd8 25. e5 Bxg2 26. Kxg2 g5 27. fxg5
Qxg5 28. Qf4 Qxf4 29. gxf4 Kf8 30. Rxd6 Rhxd6 31. exd6 Ke8 32. Kg3 Kd7 33. Kg4
Rg8+ 34. Kf3 Rg6 35. Rd2 a5 36. Rd5 Rxd6 37. Rxd6+ Kxd6 38. Ke4 a4 39. a3 Ke6
40. f5+ Kd6 41. Kf4 Kd5 42. Kg5 Ke5 43. h4 f6+ 44. Kh6 Kxf5 45. Kxh7 Ke4 46.
Kg6 f5 47. h5 f4 48. h6 f3 49. h7 f2 50. h8=Q f1=Q 51. Qa8+ Ke3 52. Qxa4 Qg2+
53. Kf5 Qf2+ 54. Ke6 Qxb2 55. Qa7 Qd4 56. Qa5 Kd3 57. a4 c4 58. Qb5 Qe4+ 59.
Kd6 Ke3 60. Qg5+ Ke2 61. Qc1 Qd3+ 62. Kc5 c3 63. Kb4 c2 64. Qh1 Qd2+ 65. Kb5
c1=Q 66. Qg2+ Kd1 0-1

[Event "1516VL"]
[Site "Mecklenburg-Vorpommern"]
[Date "2015.10.11"]
[Round "2.2"]
[White "Zentgraf, Robert"]
[Black "Hubert, Peter"]
[Result "1/2-1/2"]
[WhiteElo "2142"]
[BlackElo "1986"]
[PlyCount "84"]
[EventDate "2015.10.11"]
[EventType "team-tourn"]
[EventRounds "9"]
[EventCountry "GER"]
[SourceDate "2015.09.20"]
[WhiteTeam "SAV Torgelow"]
[BlackTeam "FHSG Stralsund"]
[WhiteTeamCountry "GER"]
[BlackTeamCountry "GER"]

1. Nf3 Nf6 2. g3 c5 3. Bg2 Nc6 4. O-O g6 5. c4 Bg7 6. Nc3 O-O 7. d4 cxd4 8.
Nxd4 Nxd4 9. Qxd4 d6 10. b3 Bf5 11. Qd2 Ne4 12. Bxe4 Bxe4 13. Bb2 Bc6 14. Nd5
Bxb2 15. Qxb2 Bxd5 16. cxd5 Qb6 17. Rac1 Rac8 18. Qd2 a6 19. h4 Qb5 20. h5 Qd7
21. Kg2 Qf5 22. hxg6 fxg6 23. f3 Rxc1 24. Rxc1 Rc8 25. e4 Qd7 26. Qg5 Rxc1 27.
Qxc1 Kf7 28. Qc3 Kg8 29. a4 h5 30. Qd3 Kh7 31. f4 Qg4 32. Qf3 Qxf3+ 33. Kxf3
Kh6 34. a5 g5 35. Kg2 Kg6 36. Kh3 Kf6 37. g4 hxg4+ 38. Kxg4 gxf4 39. Kxf4 e6
40. dxe6 Kxe6 41. Ke3 Ke5 42. Kd3 d5 1/2-1/2

[Event "1516VL"]
[Site "Mecklenburg-Vorpommern"]
[Date "2015.10.11"]
[Round "2.3"]
[White "Glawe, Hartmut"]
[Black "Ehlers, Michael"]
[Result "1/2-1/2"]
[WhiteElo "1908"]
[BlackElo "1945"]
[PlyCount "121"]
[EventDate "2015.10.11"]
[EventType "team-tourn"]
[EventRounds "9"]
[EventCountry "GER"]
[SourceDate "2015.09.20"]
[WhiteTeam "FHSG Stralsund"]
[BlackTeam "SAV Torgelow"]
[WhiteTeamCountry "GER"]
[BlackTeamCountry "GER"]

1. d4 Nf6 2. c4 g6 3. Nc3 d5 4. cxd5 Nxd5 5. e4 Nxc3 6. bxc3 Bg7 7. Bc4 O-O 8.
Ne2 c5 9. Be3 Nc6 10. O-O cxd4 11. cxd4 Na5 12. Bd3 b6 13. Rc1 Bb7 14. Qd2 Qd7
15. Bh6 Rac8 16. Bxg7 Kxg7 17. f3 e6 18. h4 Qe7 19. h5 Qh4 20. hxg6 hxg6 21. g3
Qh3 22. Kf2 Qh2+ 23. Ke3 Rxc1 24. Qxc1 Rc8 25. Qa1 Qh6+ 26. f4 Kg8 27. Rh1 Qg7
28. Rc1 Qf8 29. Rxc8 Qxc8 30. Qc3 Qxc3 31. Nxc3 Bc6 32. d5 exd5 33. exd5 Be8
34. Ba6 Kf8 35. g4 Ke7 36. g5 f5 37. gxf6+ Kxf6 38. Ne4+ Ke7 39. Kd4 Ba4 40.
Ke5 Bc2 41. Nc3 Bf5 42. Kd4 Bd7 43. Bd3 Be8 44. Bb5 Nb7 45. a4 Nc5 46. Ke5 Bd7
47. Kd4 Bf5 48. Bc4 Bc2 49. a5 Na4 50. Nxa4 Bxa4 51. axb6 axb6 52. Ke5 Be8 53.
Bd3 b5 54. d6+ Kd8 55. Kf6 b4 56. Ke6 b3 57. Kd5 Bf7+ 58. Kd4 Kd7 59. Kc3 Kxd6
60. Bxg6 Bxg6 61. Kxb3 1/2-1/2

[Event "1516VL"]
[Site "Mecklenburg-Vorpommern"]
[Date "2015.10.11"]
[Round "2.4"]
[White "Schmekel, Florian"]
[Black "Kohn, Andreas"]
[Result "1-0"]
[WhiteElo "1929"]
[BlackElo "1947"]
[PlyCount "69"]
[EventDate "2015.10.11"]
[EventType "team-tourn"]
[EventRounds "9"]
[EventCountry "GER"]
[SourceDate "2015.09.20"]
[WhiteTeam "SAV Torgelow"]
[BlackTeam "FHSG Stralsund"]
[WhiteTeamCountry "GER"]
[BlackTeamCountry "GER"]

1. d4 Nf6 2. c4 e5 3. dxe5 Ng4 4. Nf3 Bc5 5. e3 Nc6 6. Be2 Ngxe5 7. O-O O-O 8.
a3 a5 9. b3 Re8 10. Bb2 Nxf3+ 11. Bxf3 Ne5 12. Nc3 Ra6 13. Nd5 Rh6 14. Bxe5
Rxe5 15. g3 d6 16. Nf4 c6 17. b4 Ba7 18. Qd2 Qf6 19. Bg2 Qe7 20. Rfe1 Bb6 21.
b5 cxb5 22. Nd5 Qd8 23. Rab1 Bc5 24. Rxb5 b6 25. Reb1 Ba6 26. Rxb6 Bxb6 27.
Rxb6 Bxc4 28. Qb2 Re8 29. Rb7 Rhe6 30. Nc7 Qc8 31. Ra7 Qb8 32. Rb7 Qc8 33. Bh3
f6 34. Bxe6+ Bxe6 35. Nxe8 1-0

[Event "1516VL"]
[Site "Mecklenburg-Vorpommern"]
[Date "2015.10.11"]
[Round "2.5"]
[White "Kohn, Thomas"]
[Black "Bauer, Norbert"]
[Result "1-0"]
[WhiteElo "1854"]
[BlackElo "1974"]
[PlyCount "43"]
[EventDate "2015.10.11"]
[EventType "team-tourn"]
[EventRounds "9"]
[EventCountry "GER"]
[SourceDate "2015.09.20"]
[WhiteTeam "FHSG Stralsund"]
[BlackTeam "SAV Torgelow"]
[WhiteTeamCountry "GER"]
[BlackTeamCountry "GER"]

1. Nf3 c5 2. e4 Nc6 3. d4 cxd4 4. Nxd4 Nf6 5. Nc3 d6 6. Bc4 Bd7 7. f3 g6 8. Be3
Bg7 9. Qd2 O-O 10. O-O-O Qb8 11. h4 Rc8 12. Bb3 Na5 13. g4 Nc4 14. Bxc4 Rxc4
15. h5 b5 16. hxg6 hxg6 17. Qh2 e6 18. Bh6 Nxg4 19. fxg4 Rxd4 20. Rxd4 Bxd4 21.
Bf4 Kg7 22. Bxd6 1-0

[Event "1516VL"]
[Site "Mecklenburg-Vorpommern"]
[Date "2015.10.11"]
[Round "2.6"]
[White "Massloch, Philipp"]
[Black "Klepin, Wilfried"]
[Result "1-0"]
[WhiteElo "1663"]
[BlackElo "1850"]
[PlyCount "133"]
[EventDate "2015.10.11"]
[EventType "team-tourn"]
[EventRounds "9"]
[EventCountry "GER"]
[SourceDate "2015.09.20"]
[WhiteTeam "SAV Torgelow"]
[BlackTeam "FHSG Stralsund"]
[WhiteTeamCountry "GER"]
[BlackTeamCountry "GER"]

1. e4 d5 2. exd5 Qxd5 3. Nc3 Qa5 4. d4 c6 5. Nf3 Bf5 6. Bc4 e6 7. Bd2 Qc7 8.
O-O Bd6 9. Re1 Ne7 10. Ne4 Nd7 11. Nxd6+ Qxd6 12. c3 h6 13. Ne5 Nxe5 14. Rxe5
g5 15. Qe2 O-O-O 16. b4 Ng6 17. Ra5 Nf4 18. Bxf4 gxf4 19. Rxa7 Kb8 20. Ra5 f6
21. f3 Rh7 22. Re1 b6 23. Ra6 Kb7 24. Qb2 Rhh8 25. Qa3 Ra8 26. Rxa8 Rxa8 27.
Qb3 e5 28. dxe5 Qd2 29. Rd1 Qe3+ 30. Kh1 Rd8 31. exf6 Rd2 32. f7 Bc2 33. Qxc2
Rxc2 34. f8=Q Rd2 35. Qf7+ Kb8 36. Qf8+ Kc7 37. Qf7+ Kb8 38. Qg8+ Kc7 39. Qg7+
Kb8 40. Ra1 b5 41. Bf1 Rf2 42. Qd4 Qxd4 43. cxd4 Rd2 44. Rc1 Kb7 45. a3 Rxd4
46. Ra1 Kb6 47. Ra2 Rd1 48. Kg1 h5 49. Kf2 h4 50. h3 Rb1 51. Bd3 Rb3 52. Ke2 c5
53. bxc5+ Kxc5 54. a4 b4 55. a5 Ra3 56. Rc2+ Kd6 57. Rb2 Kc5 58. a6 b3 59. a7
Rxa7 60. Rxb3 Ra2+ 61. Kf1 Kd4 62. Bf5 Ra1+ 63. Rb1 Ra2 64. Rb4+ Ke5 65. Bh7
Ra7 66. Re4+ Kd5 67. Bg8+ 1-0

[Event "1516VL"]
[Site "Mecklenburg-Vorpommern"]
[Date "2015.10.11"]
[Round "2.7"]
[White "Giese, Lothar"]
[Black "Kasel, Alexander"]
[Result "1-0"]
[WhiteElo "1800"]
[BlackElo "1607"]
[PlyCount "49"]
[EventDate "2015.10.11"]
[EventType "team-tourn"]
[EventRounds "9"]
[EventCountry "GER"]
[SourceDate "2015.09.20"]
[WhiteTeam "FHSG Stralsund"]
[BlackTeam "SAV Torgelow"]
[WhiteTeamCountry "GER"]
[BlackTeamCountry "GER"]

1. c4 e5 2. Nc3 Nf6 3. e4 Bb4 4. Nge2 Nc6 5. d3 d6 6. a3 Bxc3+ 7. bxc3 Be6 8.
Ng3 h5 9. h4 Ng4 10. f3 Nf6 11. Bg5 Ne7 12. Qd2 Ng6 13. Be2 Qd7 14. d4 Qc8 15.
d5 Bd7 16. Bd3 c5 17. a4 a5 18. O-O Qc7 19. Rfb1 O-O-O 20. Nf5 Rdg8 21. Rb3 Nh7
22. Rab1 Nxg5 23. Rxb7 Nxf3+ 24. gxf3 Qxb7 25. Nxd6+ 1-0

[Event "1516VL"]
[Site "Mecklenburg-Vorpommern"]
[Date "2015.10.11"]
[Round "2.8"]
[White "Bress, Aaron"]
[Black "Vietinghoff, Klaus"]
[Result "0-1"]
[WhiteElo "1475"]
[BlackElo "1757"]
[PlyCount "96"]
[EventDate "2015.10.11"]
[EventType "team-tourn"]
[EventRounds "9"]
[EventCountry "GER"]
[SourceDate "2015.09.20"]
[WhiteTeam "SAV Torgelow"]
[BlackTeam "FHSG Stralsund"]
[WhiteTeamCountry "GER"]
[BlackTeamCountry "GER"]

1. e4 d6 2. d4 g6 3. Nf3 Bg7 4. Nc3 Nf6 5. Be2 O-O 6. h3 c6 7. O-O Qc7 8. Be3
Nbd7 9. Qd2 b5 10. a3 Bb7 11. Bh6 Rfe8 12. Bxg7 Kxg7 13. Rfd1 a6 14. Bd3 e5 15.
dxe5 Nxe5 16. Nxe5 dxe5 17. Qe3 Rad8 18. Be2 c5 19. f3 Rd4 20. Rac1 Red8 21.
Na2 Nh5 22. c3 Rxd1+ 23. Rxd1 Rxd1+ 24. Bxd1 Nf4 25. Nc1 c4 26. Ne2 Nd3 27. Qd2
Qc5+ 28. Kh2 Qf2 29. Qg5 f6 30. Qg4 Ne1 31. Qg3 Qf1 32. Ng1 Nd3 33. Be2 Qc1 34.
Qg4 Qf4+ 35. g3 Qxg4 36. hxg4 Nxb2 37. Bf1 Nd1 38. Ne2 Ne3 39. Kg1 Nc2 40. Kf2
Nxa3 41. Ke3 Nb1 42. Kf2 a5 43. Ke1 b4 44. cxb4 axb4 45. Kd1 Ba6 46. Nc1 Bb5
47. Kc2 Na3+ 48. Kd1 b3 0-1

[Event "1516VL"]
[Site "Mecklenburg-Vorpommern"]
[Date "2015.10.11"]
[Round "2.1"]
[White "Ruesch, Hans Joachim"]
[Black "Hanisch, Sebastian"]
[Result "1-0"]
[WhiteElo "1919"]
[BlackElo "1988"]
[PlyCount "89"]
[EventDate "2015.10.11"]
[EventType "team-tourn"]
[EventRounds "9"]
[EventCountry "GER"]
[SourceDate "2015.09.20"]
[WhiteTeam "SFO Warnemuende"]
[BlackTeam "SF Schwerin IV"]
[WhiteTeamCountry "GER"]
[BlackTeamCountry "GER"]

1. g3 d5 2. Bg2 Nf6 3. Nf3 b6 4. O-O Bb7 5. d3 g6 6. Nbd2 Bg7 7. e4 dxe4 8. Ng5
O-O 9. Ngxe4 Qc8 10. Qe2 Nc6 11. c3 Rb8 12. Rd1 e5 13. Nf1 Re8 14. Bg5 Nd7 15.
g4 f5 16. gxf5 gxf5 17. Bh3 Ne7 18. Bxe7 Rxe7 19. Bxf5 Qf8 20. Nfg3 Nf6 21.
Nxf6+ Qxf6 22. Be4 Bc8 23. Kh1 Bh6 24. Rg1 Kh8 25. Qh5 Bf4 26. Bxh7 Bg4 27.
Qxg4 Rxh7 28. Rg2 Qh6 29. Rag1 Qh3 30. Qxh3 Rxh3 31. Ne2 Rxd3 32. Nxf4 exf4 33.
Rg4 Rh3 34. Rxf4 Re8 35. Rf7 Rh7 36. Rxh7+ Kxh7 37. Rd1 Re7 38. Kg2 Kg6 39. Rd2
a5 40. Kg3 Re6 41. h4 c5 42. Kg4 a4 43. f4 Rf6 44. f5+ Kh6 45. Re2 1-0

[Event "1516VL"]
[Site "Mecklenburg-Vorpommern"]
[Date "2015.10.11"]
[Round "2.2"]
[White "Fischer, Torsten"]
[Black "Wolke, Heiko"]
[Result "0-1"]
[WhiteElo "2014"]
[BlackElo "1961"]
[PlyCount "70"]
[EventDate "2015.10.11"]
[EventType "team-tourn"]
[EventRounds "9"]
[EventCountry "GER"]
[SourceDate "2015.09.20"]
[WhiteTeam "SF Schwerin IV"]
[BlackTeam "SFO Warnemuende"]
[WhiteTeamCountry "GER"]
[BlackTeamCountry "GER"]

1. e4 c6 2. d4 d5 3. e5 Bf5 4. g4 Bg6 5. Nh3 e6 6. Nf4 Be7 7. Bg2 Bg5 8. Nc3
Bxf4 9. Bxf4 h5 10. f3 hxg4 11. fxg4 a5 12. Qe2 b5 13. O-O-O a4 14. a3 Qb6 15.
h4 b4 16. Nb1 Na6 17. h5 Bh7 18. g5 Bf5 19. Bh3 Ne7 20. Bxf5 Nxf5 21. Qd3 c5
22. dxc5 Nxc5 23. Qf3 Rc8 24. Nd2 Qb5 25. Kb1 Nd4 26. Qe3 Nxc2 27. Kxc2 Nd3+
28. Kb1 bxa3 29. Qd4 Nxf4 30. h6 gxh6 31. Rxh6 Rg8 32. b3 Ne2 33. Qg4 Qd3+ 34.
Ka2 axb3+ 35. Nxb3 Qc2+ 0-1

[Event "1516VL"]
[Site "Mecklenburg-Vorpommern"]
[Date "2015.10.11"]
[Round "2.3"]
[White "Hamann, Dirk"]
[Black "Rabinowitsch, Juri"]
[Result "1/2-1/2"]
[WhiteElo "1911"]
[BlackElo "1888"]
[PlyCount "70"]
[EventDate "2015.10.11"]
[EventType "team-tourn"]
[EventRounds "9"]
[EventCountry "GER"]
[SourceDate "2015.09.20"]
[WhiteTeam "SFO Warnemuende"]
[BlackTeam "SF Schwerin IV"]
[WhiteTeamCountry "GER"]
[BlackTeamCountry "GER"]

1. e4 c5 2. Nf3 d6 3. d4 cxd4 4. Nxd4 Nf6 5. Nc3 a6 6. Be2 e6 7. O-O Be7 8. a4
O-O 9. Kh1 Nbd7 10. f4 Qc7 11. Bf3 Rb8 12. Qe1 Kh8 13. Be3 b6 14. Rd1 Bb7 15.
Nde2 Nc5 16. Ng3 Bc6 17. Ra1 Rfd8 18. e5 Nd5 19. Nxd5 Bxd5 20. Bd4 Bxf3 21.
Rxf3 d5 22. f5 Bh4 23. f6 Rg8 24. Qe3 Bxg3 25. fxg7+ Rxg7 26. Rxg3 Ne4 27. Rxg7
Kxg7 28. c3 b5 29. axb5 axb5 30. Qf4 Rb7 31. Be3 b4 32. Ra8 Rb8 33. Ra7 Rb7 34.
Ra8 Rb8 35. Ra7 Rb7 1/2-1/2

[Event "1516VL"]
[Site "Mecklenburg-Vorpommern"]
[Date "2015.10.11"]
[Round "2.4"]
[White "Kupfernagel, Michael"]
[Black "Giese, Guido"]
[Result "1/2-1/2"]
[WhiteElo "1901"]
[BlackElo "1856"]
[PlyCount "32"]
[EventDate "2015.10.11"]
[EventType "team-tourn"]
[EventRounds "9"]
[EventCountry "GER"]
[SourceDate "2015.09.20"]
[WhiteTeam "SF Schwerin IV"]
[BlackTeam "SFO Warnemuende"]
[WhiteTeamCountry "GER"]
[BlackTeamCountry "GER"]

1. d4 d5 2. Nc3 c6 3. e4 dxe4 4. Nxe4 Bf5 5. Ng3 Bg6 6. h4 h6 7. h5 Bh7 8. Nf3
Nd7 9. Bd3 Bxd3 10. Qxd3 e6 11. Bf4 Qa5+ 12. Bd2 Qc7 13. O-O-O Ngf6 14. Kb1
O-O-O 15. Ne4 Nxe4 16. Qxe4 Nf6 {(RA)} 1/2-1/2

[Event "1516VL"]
[Site "Mecklenburg-Vorpommern"]
[Date "2015.10.11"]
[Round "2.5"]
[White "Feindura, Rene"]
[Black "Jung, Werner"]
[Result "1/2-1/2"]
[WhiteElo "1843"]
[BlackElo "1877"]
[PlyCount "88"]
[EventDate "2015.10.11"]
[EventType "team-tourn"]
[EventRounds "9"]
[EventCountry "GER"]
[SourceDate "2015.09.20"]
[WhiteTeam "SFO Warnemuende"]
[BlackTeam "SF Schwerin IV"]
[WhiteTeamCountry "GER"]
[BlackTeamCountry "GER"]

1. Nf3 f5 2. d4 Nf6 3. g3 d6 4. Bg2 Nc6 5. d5 Ne5 6. Nd4 g6 7. c4 Bg7 8. O-O
O-O 9. Nd2 e6 10. Qb3 exd5 {(RA)} 11. cxd5 Qe7 12. N2f3 Ne4 13. Nxe5 Bxe5 14.
Nf3 Bg7 15. Be3 g5 16. Rad1 f4 17. Bd4 Bxd4 18. Nxd4 Nc5 19. Qc2 a5 20. b3 Bd7
21. Rd2 Rf6 22. a3 h5 23. b4 axb4 24. axb4 Na6 25. Qc4 h4 26. Ne6 Bxe6 27. dxe6
c6 28. b5 d5 29. Bxd5 cxd5 30. Qxd5 Rxe6 {(RA)} 31. bxa6 Raxa6 32. Rc1 Rac6 33.
Rcd1 Kg7 34. Qf5 Rc5 35. Qg4 Kh6 36. Rd7 Qf6 37. Rxb7 fxg3 38. hxg3 Rf5 39.
Rdd7 Qa1+ 40. Kg2 Rxf2+ 41. Kxf2 Rf6+ 42. Ke3 Qc3+ 43. Rd3 Qc1+ 44. Rd2 Qc3+
1/2-1/2

[Event "1516VL"]
[Site "Mecklenburg-Vorpommern"]
[Date "2015.10.11"]
[Round "2.6"]
[White "Goertz, Frank"]
[Black "Schmidt, Reinhard"]
[Result "1/2-1/2"]
[WhiteElo "1906"]
[BlackElo "1795"]
[PlyCount "92"]
[EventDate "2015.10.11"]
[EventType "team-tourn"]
[EventRounds "9"]
[EventCountry "GER"]
[SourceDate "2015.09.20"]
[WhiteTeam "SF Schwerin IV"]
[BlackTeam "SFO Warnemuende"]
[WhiteTeamCountry "GER"]
[BlackTeamCountry "GER"]

1. e4 c5 2. f4 Nc6 3. Nf3 e6 4. Nc3 d5 5. e5 Nh6 6. Bb5 Bd7 7. Bxc6 Bxc6 8. Ne2
d4 9. O-O d3 10. Ng3 c4 11. c3 Bc5+ 12. Kh1 Ng4 13. Qe1 Qb6 14. Ne4 Bxe4 15.
Qxe4 Nf2+ 16. Rxf2 Bxf2 17. Qxc4 Rd8 18. b4 Qc6 19. Qb3 O-O 20. Ba3 Qe4 21. Rf1
Bb6 22. b5 Rfe8 23. Ng5 Qe2 24. Qd1 Rd5 25. Qc1 Rxb5 26. Re1 Qg4 27. Ne4 Ra5
28. Nd6 Rb8 29. Rf1 Bc5 30. Bxc5 Rxc5 31. Rf3 Ra5 32. h3 Qh4 33. Qf1 Rxa2 34.
Rxd3 Qe7 35. f5 exf5 36. Qxf5 Rf8 37. Ne4 Qe6 38. Qg5 Qg6 39. Qf4 Ra1+ 40. Kh2
Re1 41. Nf2 Qe6 42. Ng4 h5 43. Rd6 hxg4 44. Rxe6 fxe6 45. Qxg4 Rxe5 46. Qd4 Re2
1/2-1/2